000 00392 a2200169 4500
001 145413
040 _cLeonardo Da Vinci
041 _aPortuguês
082 _a372.830 P281c
_bP281c
100 _aPASCOAL, Ednea do Marco
245 _aCaderno de estudos sociais
260 _bAngra
_c2005
_aSão Paulo
300 _a59
362 _a20050000
697 _aEstudos sociais
942 _cBK
999 _c145413
_d145413